00428cam a22000977a 4500008003600000082001300036245012100049260007600170300001100246700007300257180718b xxu||||| |||| 00| 0 eng d aXA04 In2 aSelected papers from symposium on housing financecby National Buildings Organization & U.N. Regional Housing Centre aDelhibNational Buildings Organization & U.N. Regional Housing Centrec a180+p. aIndia.National Buildings Organization & U.N. Regional Housing Centre